书目信息 |
| 题名: |
Windows漏洞攻击与安全防范
|
|
| 作者: | 蔡毅 , 周继军 , 彭海龙 编著 | |
| 分册: | ||
| 出版信息: | 北京 北京大学出版社 2006.10 |
|
| 页数: | 247页 | |
| 开本: | 24cm | |
| 丛书名: | 计算机与网络安全实用丛书 | |
| 单 册: | ||
| 中图分类: | TP316.7 | |
| 科图分类: | ||
| 主题词: | 窗口软件--chuang kou ruan jian--安全技术 | |
| 电子资源: | ||
| ISBN: | 7-301-10574-6 | |
| 000 | 01188nam 2200289 450 | |
| 001 | 012007223281 | |
| 005 | 20071226144807.32 | |
| 010 | @a7-301-10574-6@dCNY28.00 | |
| 100 | @a20071226d2006 km y0chiy0120 ea | |
| 101 | 0 | @achi |
| 102 | @aCN@b110000 | |
| 105 | @aa a 000yy | |
| 106 | @ar | |
| 200 | 1 | @aWindows漏洞攻击与安全防范@AWindows lou dong gong ji yu an quan fang fan@f蔡毅, 周继军, 彭海龙编著@Fcai yi,zhou ji jun,peng hai long bian zhu |
| 210 | @a北京@c北京大学出版社@d2006.10 | |
| 215 | @a247页@c图@d24cm | |
| 225 | 2 | @a计算机与网络安全实用丛书@Aji suan ji yu wang luo an quan shi yong cong shu |
| 320 | @a有书目 (第246-247页) | |
| 330 | @a《Windows漏洞分析与安全防范》一书在内容上深入浅出地介绍了针对DNS服务、WWW服务、邮件服务、共享服务、ODBC服务的攻击与防护问题、并对比较流行的即时通信软件的攻击与防护、以及针对个人机的防护问题作了总结性的说明。 | |
| 410 | 0 | @12001 @a计算机与网络安全实用丛书 |
| 606 | 0 | @a窗口软件@Achuang kou ruan jian@x安全技术 |
| 690 | @aTP316.7@v4 | |
| 701 | 0 | @a蔡毅@Acai yi@4编著 |
| 701 | 0 | @a周继军@Azhou ji jun@4编著 |
| 701 | 0 | @a彭海龙@Apeng hai long@4编著 |
| 801 | 0 | @aCN@bQSSK@c20071226 |
| 905 | @b271587-89@dTP316.7@eC073@f3 | |
| Windows漏洞攻击与安全防范/蔡毅, 周继军, 彭海龙编著.-北京:北京大学出版社,2006.10 |
| 247页:图;24cm.-(计算机与网络安全实用丛书) |
| ISBN 7-301-10574-6:CNY28.00 |
| 《Windows漏洞分析与安全防范》一书在内容上深入浅出地介绍了针对DNS服务、WWW服务、邮件服务、共享服务、ODBC服务的攻击与防护问题、并对比较流行的即时通信软件的攻击与防护、以及针对个人机的防护问题作了总结性的说明。 |
| ● |
| 相关链接 |
|
|
|
正题名:Windows漏洞攻击与安全防范
索取号:TP316.7/C073
 
预约/预借
| 序号 | 登录号 | 条形码 | 馆藏地/架位号 | 状态 | 备注 |
| 1 | 271587 | 202715874 | 自科库301/301自科库 57排7列2层/ [索取号:TP316.7/C073] | 在馆 | |
| 2 | 271588 | 202715883 | 自科库301/301自科库 57排7列2层/ [索取号:TP316.7/C073] | 在馆 | |
| 3 | 271589 | 202715892 | 自科二线404/301自科库 51排6列4层/ [索取号:TP316.7/C073] | 在馆 |